Score 0/20 Timer 05:00
4 Plays Today
Location Show % Correct
2BAmerican Idol
94.1%
2AAddams Family
87.5%
4AA-Team
85%
3BALF
84.7%
5DApprentice
82.3%
2CAmerica's Next Top Model
77.7%
5AAre You Smarter than a 5th Grader?
73.7%
4DAlly McBeal
68.5%
3CAll in the Family
68%
2DAnimaniacs
63%
Location Show % Correct
1CAndy Griffith Show
59.6%
1AAngel
55.7%
5BArrested Development
53.9%
3DAccording to Jim
44.8%
3AAll My Children
43%
1DAlias
43%
4BThe Amazing Race
41.7%
5CAngry Beavers
38.7%
1BAaahh!!! Real Monsters
28.9%
4CAbsolutely Fabulous
27.6%
Remove Ads.
Support Sporcle.
Get the best of Sporcle when you Go Orange. This ad-free experience offers more features, more stats, and more fun while also helping to support Sporcle. Thank you for becoming a member.

You're not logged in!

Compare scores with friends on all Sporcle quizzes.
OR
Log In

Sporcle TV

Today on Sporcle TV


Watch our educational content, quiz creation guides, and fun videos on Sporcle TV.

Show Comments

Extras

Top Quizzes Today


Score Distribution

Paid Content

Your Account Isn't Verified!

In order to create a playlist on Sporcle, you need to verify the email address you used during registration. Go to your Sporcle Settings to finish the process.

Report this User

Report this user for behavior that violates our Community Guidelines.

Details: